Tratamiento digital de señales
| Main Authors: | , |
|---|---|
| Format: | Section = Libro |
| Language: | Undetermined Spanish |
| Published: |
España
Pearson Educación
2007
|
| Subjects: |
| LEADER | 00680nam a2200229Ia 4500 | ||
|---|---|---|---|
| 008 | 240829s9999 xx 000 0 und d | ||
| 020 | |a 978-84-8322-347 | ||
| 040 | |a BIBLIOTECA-RUSB/ 621.382 P962 | ||
| 041 | |a spa | ||
| 082 | |a 621.382 P962 | ||
| 100 | 1 | |a Proakis, John G. | |
| 100 | 1 | |b Monolakis, Dimitris G | |
| 245 | 1 | 0 | |a Tratamiento digital de señales |
| 260 | |a España |b Pearson Educación |c 2007 | ||
| 300 | |a 996 p. :il. | ||
| 650 | 7 | |a INGENIERÍA DE COMUNICACIONES | |
| 650 | 7 | |b TRATAMIENTO DIGITAL DE SEÑALES Y SISTEMAS | |
| 650 | 7 | |c TRANSFORMADA DE FOURIER DISCRETA | |
| 650 | 7 | |d DISEÑO DE FILTROS DIGITALES | |
| 942 | |c BK |2 ddc | ||
| 991 | |a TEXTO | ||
| 999 | |c 3492 | ||